Energy,the environment and the oil market : An Asia-Pacific perspective
| Format: | Book |
|---|---|
| Published: |
Singapore :
Institue of Southeast Asian Studies ,
1994
|
| Series: | ISEAS environment and development series
|
| Subjects: |
MARC
| LEADER | 00000cam a2200000 7i4500 | ||
|---|---|---|---|
| 001 | 0000003925 | ||
| 002 | 000004226 | ||
| 005 | 20000330.0 | ||
| 020 | |a 981301654X | ||
| 090 | 0 | 0 | |a 333.79 |b ENE |
| 245 | 0 | 0 | |a Energy,the environment and the oil market : |b An Asia-Pacific perspective |c edited by Shankar Sharma |
| 260 | |a Singapore : |b Institue of Southeast Asian Studies , |c 1994 | ||
| 300 | |a 167p. ; |c 23cm. | ||
| 490 | 0 | |a ISEAS environment and development series | |
| 650 | 0 | 0 | |a Energy policy |z Asia |
| 999 | |a 037207 |b BUKU |c MALAYSIANA |e PERPUSTAKAAN KOMUNITI PETALING JAYA | ||